[Event "South America-ch U20 Girls 13th"]
[Site "Manta"]
[Date "2017.04.30"]
[Round "9"]
[White "Bermudez Veliz, Josselyn Dayan"]
[Black "Campos Toledo, Andrea Celeste"]
[Result "1/2-1/2"]
[WhiteElo "1745"]
[BlackElo "1722"]
[PlyCount "100"]
[EventDate "2017.04.25"]
[EventType "swiss"]
[EventRounds "9"]
[EventCountry "ECU"]
[SourceTitle "CBM 178 Extra"]
[Source "ChessBase"]
[SourceDate "2017.06.22"]
[SourceVersion "1"]
[SourceVersionDate "2017.06.22"]
[SourceQuality "1"]

1. d4 Nf6 2. e3 e6 3. f4 c5 4. c3 b6 5. Nf3 Bb7 6. Bd3 Be7 7. Qe2 d5 8. 0-0 0-0 9. Nbd2 Nbd7 10. Ne5 Ne4 11. Nxe4 dxe4 12. Bc4 Bd5 13. Bb5 Nxe5 14. fxe5 f5 15. Bd2 Qc8 16. c4 Bc6 17. Bxc6 Qxc6 18. Rac1 Rad8 19. Bc3 Bg5 20. Rc2 Rc8 21. b3 Rfd8 22. g3 Qe8 23. Rd1 Qf7 24. Bb2 Rd7 25. Rcd2 cxd4 26. Rxd4 Rcd8 27. Rxd7 Rxd7 28. Rd4 Qe8 29. Kf2 Rxd4 30. Bxd4 Be7 31. Qd2 Qd8 32. b4 h5 33. Qc3 h4 34. c5 hxg3+ 35. hxg3 bxc5 36. bxc5 Qc7 37. c6 Bd8 38. Qc4 Kf7 39. Qa6 Qa5 40. Qxa7+ Qxa7 41. Bxa7 Bc7 42. a4 g5 43. Bc5 Ke8 44. Bd6 Bb6 45. Ke2 g4 46. Bb4 Kd8 47. Bd6 Kc8 48. Kd2 Kd8 49. Ke2 Kc8 50. Kd2 Kd8 1/2-1/2

[Event "South America-ch U20 Girls 13th"]
[Site "Manta"]
[Date "2017.04.27"]
[Round "4"]
[White "Ichimura G Barbosa, Larissa Yuki"]
[Black "Bermudez Veliz, Josselyn Dayan"]
[Result "1-0"]
[WhiteElo "1957"]
[BlackElo "1745"]
[PlyCount "57"]
[EventDate "2017.04.25"]
[EventType "swiss"]
[EventRounds "9"]
[EventCountry "ECU"]
[SourceTitle "CBM 178 Extra"]
[Source "ChessBase"]
[SourceDate "2017.06.22"]
[SourceVersion "1"]
[SourceVersionDate "2017.06.22"]
[SourceQuality "1"]

1. e4 c5 2. Nf3 d6 3. d4 cxd4 4. Nxd4 Nf6 5. Nc3 a6 6. Be2 e6 7. a4 Be7 8. 0-0 0-0 9. Be3 Nc6 10. f4 Nxd4 11. Bxd4 b6 12. e5 Ne8 13. Bf3 Rb8 14. Ne2 Bb7 15. c3 Bxf3 16. Rxf3 d5 17. Ng3 a5 18. f5 exf5 19. Nxf5 Bc5 20. Rg3 Kh8 21. Qh5 f6 22. Rh3 Kg8 23. Qxh7+ Kf7 24. Re1 Ke6 25. exf6+ Kd7 26. fxg7 Nf6 27. gxf8Q+ Nxh7 28. Rxh7+ Kc8 29. Bxc5 1-0

[Event "Pan American-ch (Women)"]
[Site "Valle del Cauca"]
[Date "2014.09.06"]
[Round "9"]
[White "Mateus, Martha"]
[Black "Bermudez Veliz, Josselyn Dayan"]
[Result "0-1"]
[WhiteElo "2127"]
[BlackElo "1733"]
[PlyCount "140"]
[EventDate "2014.09.01"]
[EventType "swiss"]
[EventRounds "9"]
[EventCountry "COL"]
[SourceTitle "CBM 162 Extra"]
[Source "ChessBase"]
[SourceDate "2014.10.17"]
[SourceVersion "1"]
[SourceVersionDate "2014.10.17"]
[SourceQuality "1"]

1. e4 c5 2. c3 d5 3. exd5 Qxd5 4. d4 Nc6 5. Nf3 e6 6. Bd3 Nf6 7. 0-0 Be7 8. dxc5 Bxc5 9. Qe2 0-0 10. Bg5 Be7 11. Rd1 Qa5 12. Nbd2 Qc7 13. Nc4 Bd7 14. h4 h5 15. Nfe5 g6 16. Bxf6 Bxf6 17. Nxd7 Qxd7 18. Bxg6 Qe7 19. Bc2 Kg7 20. Rd3 Bxh4 21. Rh3 Rh8 22. Qe4 Bf6 23. Re1 Rag8 24. b4 a6 25. a4 Kf8 26. Bd1 Rg5 27. f4 Rg7 28. Qd3 h4 29. Ne3 Rhg8 30. Bf3 Qc7 31. Qc4 Qb6 32. Kh1 Rg3 33. Rh2 Be7 34. Nf1 Rxf3 35. Nd2 Rfg3 36. Ne4 R3g4 37. Rf1 h3 38. g3 Nd8 39. Re1 Qc6 40. Qb3 b5 41. axb5 axb5 42. Kg1 f5 43. Rxh3 fxe4 44. Kh2 Qb6 45. Qc2 Qc6 46. Rxe4 Bf6 47. Re3 Qd5 48. Rd3 Qf5 49. Qd2 Nf7 50. Rd7 Rh8 51. Rxh8+ Bxh8 52. Qf2 Rg6 53. Qa7 Qh5+ 54. Kg2 Qe2+ 55. Qf2 Qxf2+ 56. Kxf2 Bxc3 57. Rb7 Nd6 58. Rb8+ Ke7 59. Kf3 Bxb4 60. g4 Bc3 61. Rb6 b4 62. g5 Kd7 63. Kg4 Kc7 64. Ra6 Bd2 65. Ra2 Bc3 66. Kh5 Rg8 67. g6 b3 68. Rg2 b2 69. Rg1 Rb8 70. g7 Bxg7 0-1

[Event "Pan American-ch (Women)"]
[Site "Valle del Cauca"]
[Date "2014.09.05"]
[Round "8"]
[White "Bermudez Veliz, Josselyn Dayan"]
[Black "Dominguez, Laura Lucia"]
[Result "1-0"]
[WhiteElo "1733"]
[BlackElo "1915"]
[PlyCount "125"]
[EventDate "2014.09.01"]
[EventType "swiss"]
[EventRounds "9"]
[EventCountry "COL"]
[SourceTitle "CBM 162 Extra"]
[Source "ChessBase"]
[SourceDate "2014.10.17"]
[SourceVersion "1"]
[SourceVersionDate "2014.10.17"]
[SourceQuality "1"]

1. Nf3 Nf6 2. d4 g6 3. Bf4 Bg7 4. e3 0-0 5. Be2 d6 6. h3 Nbd7 7. 0-0 c5 8. c4 cxd4 9. exd4 b6 10. Nc3 Bb7 11. Rc1 Rc8 12. b3 Re8 13. d5 Nc5 14. Qd2 Nce4 15. Nxe4 Nxe4 16. Qe3 Nf6 17. Qd3 Qd7 18. Rfe1 Ba6 19. Nd2 Rc5 20. Bf3 b5 21. b4 bxc4 22. Qa3 c3 23. bxc5 cxd2 24. Bxd2 Bc8 25. c6 Qc7 26. Ba5 Qb8 27. Rb1 Qa8 28. Bc7 Bf5 29. Rb7 a6 30. g4 Bc8 31. Rb3 h6 32. Reb1 Nh7 33. Qa4 Rf8 34. Bb6 Nf6 35. Bd4 a5 36. Bb6 h5 37. Qxa5 Qxa5 38. Bxa5 hxg4 39. hxg4 Bh6 40. Bc3 Ne8 41. Be2 Nc7 42. Bf3 Na6 43. a3 Bf4 44. Bd4 Bg5 45. Be3 Bf6 46. g5 Be5 47. Be2 Nc7 48. f4 Bh8 49. Bf3 Na6 50. Bb6 e6 51. Re1 Re8 52. Bg4 Kf8 53. Rbe3 e5 54. Bxc8 Rxc8 55. fxe5 Bxe5 56. Rxe5 dxe5 57. Rxe5 Nb8 58. a4 Kg7 59. a5 Kf8 60. c7 Nd7 61. Re3 Ra8 62. d6 Rc8 63. Re7 1-0

[Event "Pan American-ch (Women)"]
[Site "Valle del Cauca"]
[Date "2014.09.04"]
[Round "6"]
[White "Perez Rodriguez, Jennifer"]
[Black "Bermudez Veliz, Josselyn Dayan"]
[Result "1-0"]
[WhiteElo "2225"]
[BlackElo "1733"]
[PlyCount "63"]
[EventDate "2014.09.01"]
[EventType "swiss"]
[EventRounds "9"]
[EventCountry "COL"]
[SourceTitle "CBM 162 Extra"]
[Source "ChessBase"]
[SourceDate "2014.10.17"]
[SourceVersion "1"]
[SourceVersionDate "2014.10.17"]
[SourceQuality "1"]

1. e4 c5 2. c3 Nc6 3. d4 cxd4 4. cxd4 d5 5. exd5 Qxd5 6. Nf3 Nf6 7. Nc3 Qd8 8. d5 Nb8 9. Qb3 a6 10. Be3 Nbd7 11. Be2 g6 12. 0-0 Bg7 13. Rfd1 0-0 14. h3 b6 15. Nd4 Nc5 16. Qc2 Bb7 17. b4 Ncd7 18. Nc6 Qe8 19. b5 axb5 20. Bxb5 Rc8 21. Rac1 e6 22. Qa4 Ra8 23. Qb4 Nxd5 24. Nxd5 exd5 25. Ne7+ Kh8 26. Rc7 Qb8 27. Rxd7 Rxa2 28. Bd4 f6 29. Nxg6+ hxg6 30. Qe7 Rg8 31. Bxf6 Qf8 32. Bxg7+ 1-0

[Event "Pan American-ch U20 Girls"]
[Site "Bogota"]
[Date "2013.07.13"]
[Round "7"]
[White "Avalos, Leticia"]
[Black "Bermudez Veliz, Josselyn Dayan"]
[Result "0-1"]
[WhiteElo "1740"]
[BlackElo "1660"]
[PlyCount "86"]
[EventDate "2013.07.10"]
[EventType "swiss"]
[EventRounds "9"]
[EventCountry "COL"]
[SourceTitle "CBM 155 Extra"]
[Source "ChessBase"]
[SourceDate "2013.08.26"]
[SourceVersion "1"]
[SourceVersionDate "2013.08.26"]
[SourceQuality "1"]

1. d4 Nf6 2. Nf3 g6 3. Bf4 d6 4. h3 Bg7 5. e3 Nbd7 6. Be2 c5 7. c3 b6 8. 0-0 Bb7 9. Nbd2 0-0 10. Qb3 Re8 11. Rfd1 a6 12. a4 Rb8 13. Bh2 Qc8 14. c4 Ne4 15. d5 Ndf6 16. Bd3 Nxd2 17. Nxd2 b5 18. Qa2 bxc4 19. Bxc4 Ba8 20. Rab1 Rb4 21. e4 Nd7 22. b3 Qb7 23. a5 Rb8 24. f4 Nf6 25. Qc2 Ne8 26. Nf3 Nc7 27. e5 Nb5 28. Ra1 Qa7 29. Bg3 Nc7 30. exd6 exd6 31. f5 Bxa1 32. Rxa1 Bxd5 33. fxg6 hxg6 34. Bxd6 Bxc4 35. bxc4 Rb2 36. Qc1 Qb7 37. Qh6 Re8 38. Bxc5 Ne6 39. Bd6 Ng7 40. Rf1 Nf5 41. Qf4 Ree2 42. Be5 Rxg2+ 43. Kh1 Ng3+ 0-1

[Event "Pan American-ch U20 Girls"]
[Site "Bogota"]
[Date "2013.07.12"]
[Round "5"]
[White "Nope, Viviana"]
[Black "Bermudez Veliz, Josselyn Dayan"]
[Result "0-1"]
[WhiteElo "1532"]
[BlackElo "1660"]
[PlyCount "91"]
[EventDate "2013.07.10"]
[EventType "swiss"]
[EventRounds "9"]
[EventCountry "COL"]
[SourceTitle "CBM 155 Extra"]
[Source "ChessBase"]
[SourceDate "2013.08.26"]
[SourceVersion "1"]
[SourceVersionDate "2013.08.26"]
[SourceQuality "1"]

1. e4 c5 2. Nf3 Nc6 3. g3 g6 4. Bg2 Bg7 5. 0-0 e6 6. d3 Nge7 7. Be3 Bxb2 8. Nbd2 d6 9. Rb1 Bg7 10. Nb3 0-0 11. d4 b6 12. d5 exd5 13. exd5 Nb4 14. c4 Nxa2 15. Qd2 Nc3 16. Rbc1 Ne4 17. Qe2 Nf5 18. Nbd2 Nc3 19. Qd3 Nxg3 20. fxg3 Bf5 21. Ne4 Nxe4 22. Qb3 Re8 23. Nh4 Bd7 24. Bxe4 Rxe4 25. Nf3 f6 26. Bf4 Bg4 27. Qd3 Bxf3 28. Rxf3 f5 29. Kg2 Qe7 30. Re3 Rxe3 31. Qxe3 Qxe3 32. Bxe3 Be5 33. h4 a6 34. Rb1 Rb8 35. Bf4 Bxf4 36. gxf4 b5 37. Kf3 b4 38. Ke2 a5 39. Kd3 a4 40. Kc2 b3+ 41. Kb2 Rb4 42. Kc3 Kf7 43. Rb2 h6 44. Rb1 b2 45. Rxb2 Rxb2 46. Kxb2 0-1

[Event "Wch U16 Girls"]
[Site "Al Ain"]
[Date "2013.??.??"]
[Round "9"]
[White "Fuskova, Martina"]
[Black "Bermudez Veliz, Josselyn Dayan"]
[Result "1/2-1/2"]
[WhiteElo "1969"]
[BlackElo "1679"]
[PlyCount "72"]
[EventDate "2013.12.18"]
[EventType "swiss"]
[EventRounds "11"]
[EventCountry "UAE"]
[SourceTitle "CBM 158 Extra"]
[Source "ChessBase"]
[SourceDate "2014.02.28"]
[SourceVersion "1"]
[SourceVersionDate "2014.02.28"]
[SourceQuality "1"]

1. e4 c5 2. Nf3 d6 3. d4 cxd4 4. Nxd4 a6 5. Nc3 e6 6. Be2 b6 7. Be3 Bb7 8. Bf3 Nd7 9. Qe2 Ngf6 10. 0-0-0 Rc8 11. Bd2 Be7 12. g4 Ne5 13. g5 Nxf3 14. Nxf3 Nd7 15. h4 Qc7 16. Bf4 Nc5 17. Nd2 b5 18. a3 0-0 19. f3 Na4 20. Ndb1 Nxc3 21. Nxc3 Qa5 22. Na2 d5 23. exd5 Bxa3 24. bxa3 Qxa3+ 25. Kb1 Bxd5 26. Rxd5 exd5 27. Qe3 Qa4 28. Rh2 Rc4 29. Bd6 Rfc8 30. Re2 b4 31. Qb3 Qxb3+ 32. cxb3 Rxh4 33. Nxb4 Rh1+ 34. Kb2 h6 35. Nxd5 hxg5 36. Ne7+ Kh7 1/2-1/2

[Event "Duran zt 2.3.5 (Women)"]
[Site "Duran"]
[Date "2012.03.07"]
[Round "4"]
[White "Bermudez Veliz, Josselyn Dayan"]
[Black "Rovira Contreras, Tairu Manuela"]
[Result "0-1"]
[WhiteElo "1645"]
[BlackElo "1991"]
[PlyCount "118"]
[EventDate "2012.03.05"]
[EventType "swiss"]
[EventRounds "9"]
[EventCountry "ECU"]
[SourceTitle "EXT 2023"]
[Source "ChessBase"]
[SourceDate "2022.10.05"]
[SourceVersion "1"]
[SourceVersionDate "2022.10.05"]
[SourceQuality "1"]

1. Nf3 Nf6 2. d4 e6 3. Bf4 c5 4. c3 Qb6 5. Qc2 cxd4 6. cxd4 Nc6 7. e3 Nb4 8. Qc1 Qa5 9. Nbd2 Qf5 10. Nh4 Nc2+ 11. Kd1 Qh5+ 12. Kxc2 Qxh4 13. Qe1 Nd5 14. Bg3 Qd8 15. a3 d6 16. Rc1 Bd7 17. Kb1 b5 18. Ne4 Qb6 19. Nc3 Nc7 20. Na2 a5 21. b3 Be7 22. Bd3 Rc8 23. Qe2 Bf6 24. Rc2 Ke7 25. Rhc1 b4 26. axb4 axb4 27. Bc4 Ra8 28. Qd2 Rhb8 29. Rd1 Ra3 30. Rb2 Ke8 31. e4 Be7 32. f3 Qa5 33. Re1 Bb5 34. Nxb4 Bxc4 35. bxc4 Ra1+ 36. Kc2 Qa4+ 37. Kd3 Ra3+ 38. Ke2 Rb3 39. Reb1 R8xb4 40. Ra2 Rxb1 41. Rxa4 R4b2 42. c5 Bg5 43. f4 Be7 44. c6 Rxd2+ 45. Kxd2 Rb2+ 46. Kc3 Rxg2 47. Rb4 Rg1 48. Rb8+ Bd8 49. Kd2 f6 50. e5 dxe5 51. dxe5 Ra1 52. exf6 gxf6 53. Bh4 Ra8 54. Rb7 Ke7 55. Kd3 Kd6 56. Rb3 Kxc6 57. Bf2 Nd5 58. Bg3 Bc7 59. Rb1 Ra3+ 0-1

[Event "Wch U14 Girls"]
[Site "Caldas Novas"]
[Date "2011.11.20"]
[Round "4"]
[White "Bermudez Veliz, Josselyn Dayan"]
[Black "Zalimben, Maria Luz"]
[Result "1-0"]
[WhiteElo "1624"]
[BlackElo "1732"]
[PlyCount "103"]
[EventDate "2011.11.18"]
[EventType "swiss"]
[EventRounds "9"]
[EventCountry "BRA"]
[SourceTitle "EXT 2013"]
[Source "ChessBase"]
[SourceDate "2012.11.22"]
[SourceVersion "1"]
[SourceVersionDate "2012.11.22"]
[SourceQuality "1"]

1. Nf3 Nf6 2. d4 g6 3. Bf4 Bg7 4. e3 d6 5. h3 0-0 6. c4 c5 7. Nc3 Nc6 8. Be2 Qb6 9. b3 Bf5 10. 0-0 cxd4 11. exd4 a6 12. Rc1 Rfe8 13. Be3 Qd8 14. d5 Na7 15. Nd4 Bd7 16. Nf3 Qa5 17. Bd2 Qa3 18. Nd4 Reb8 19. Nc2 Qc5 20. Be3 Qc7 21. a4 b6 22. b4 e6 23. dxe6 fxe6 24. b5 Nc8 25. Qd2 a5 26. Rfd1 Ra7 27. Nd4 e5 28. Nb3 Be6 29. Nd5 Bxd5 30. cxd5 Qd8 31. Bg5 Ne7 32. Bxf6 Bxf6 33. Bg4 Kg7 34. Be6 Ng8 35. Rc4 Ne7 36. Rdc1 Rbb7 37. Rc8 Nxc8 38. Rxc8 Bg5 39. Rxd8 Bxd2 40. Nxd2 Rc7 41. Rxd6 Rc1+ 42. Kh2 Rb7 43. Rc6 Ra1 44. Rc4 Kf6 45. Ne4+ Ke7 46. Bc8 Rb8 47. d6+ Kd8 48. d7 Rd1 49. Ng5 Ke7 50. Nxh7 Rd6 51. Ng5 Rf6 52. Rc6 1-0

[Event "Pan American-ch U20 Girls"]
[Site "Duran"]
[Date "2011.06.11"]
[Round "9"]
[White "Castrillon Gomez, Melissa"]
[Black "Bermudez Veliz, Josselyn Dayan"]
[Result "1-0"]
[WhiteElo "2082"]
[BlackElo "1568"]
[PlyCount "135"]
[EventDate "2011.06.05"]
[EventType "swiss"]
[EventRounds "9"]
[EventCountry "ECU"]
[SourceTitle "EXT 2013"]
[Source "ChessBase"]
[SourceDate "2012.11.22"]
[SourceVersion "1"]
[SourceVersionDate "2012.11.22"]
[SourceQuality "1"]

1. e4 c5 2. Nf3 Nc6 3. d4 cxd4 4. Nxd4 g6 5. c4 Bg7 6. Be3 Nf6 7. Nc3 0-0 8. Be2 b6 9. 0-0 Bb7 10. f3 e6 11. Ndb5 Ne8 12. c5 a6 13. Nd6 Nxd6 14. cxd6 b5 15. f4 Rb8 16. Qd2 Na5 17. f5 b4 18. Na4 Bxe4 19. fxg6 hxg6 20. Nc5 Bb7 21. Nxb7 Rxb7 22. Bxa6 Rb8 23. Kh1 Nc6 24. Bh6 Qh4 25. Bxg7 Kxg7 26. Rf4 Qh6 27. Raf1 f5 28. Qf2 Rh8 29. g3 g5 30. Rc4 Qf6 31. Rc2 Ne5 32. Be2 Rh3 33. Rg1 Rbh8 34. Rg2 Nc6 35. Bf3 Ne5 36. Rc7 Kg6 37. Be2 R8h7 38. Rb7 Nc6 39. Bf3 Nd4 40. Rxb4 Nxf3 41. Qxf3 Qe5 42. Qf2 Qa5 43. Kg1 Qxa2 44. Rb7 Qd5 45. Rb8 Qxd6 46. Rg8+ Kf6 47. Qc2 Qe5 48. Kf1 Rh8 49. Rxh8 Rxh8 50. Re2 Qd5 51. Qc3+ e5 52. Ke1 Ra8 53. Kf2 Ra4 54. Rd2 Rd4 55. Rxd4 exd4 56. Qc8 Qf7 57. Qh8+ Qg7 58. Qxg7+ Kxg7 59. b4 Kf8 60. b5 Ke8 61. b6 Kd8 62. h4 gxh4 63. gxh4 f4 64. h5 d3 65. h6 Kc8 66. h7 Kb7 67. h8Q Kxb6 68. Qd4+ 1-0

[Event "Pan American-ch U20 Girls"]
[Site "Duran"]
[Date "2011.06.10"]
[Round "8"]
[White "Bermudez Veliz, Josselyn Dayan"]
[Black "Cordero, Daniela"]
[Result "1-0"]
[WhiteElo "1568"]
[BlackElo "2058"]
[PlyCount "105"]
[EventDate "2011.06.05"]
[EventType "swiss"]
[EventRounds "9"]
[EventCountry "ECU"]
[SourceTitle "EXT 2013"]
[Source "ChessBase"]
[SourceDate "2012.11.22"]
[SourceVersion "1"]
[SourceVersionDate "2012.11.22"]
[SourceQuality "1"]

1. d4 e6 2. Bf4 f5 3. e3 Nf6 4. Nf3 Be7 5. Bd3 d5 6. c3 c6 7. Nbd2 b6 8. Ne5 Bb7 9. Ndf3 Nbd7 10. Ng5 Nxe5 11. dxe5 Ne4 12. Nxe6 Qd7 13. Nxg7+ Kd8 14. Bxe4 fxe4 15. e6 Qc8 16. Qh5 Ba6 17. Qe5 Rg8 18. Bg5 Qc7 19. Bxe7+ Qxe7 20. Nf5 Qc7 21. Qf6+ Kc8 22. Ne7+ Kb7 23. Nxg8 Rxg8 24. Qf7 Rg7 25. Qxc7+ Kxc7 26. Rg1 Kd6 27. 0-0-0 Kxe6 28. Kd2 Rf7 29. Ke1 c5 30. b3 Ke5 31. g4 Bc8 32. h3 b5 33. Rg3 a5 34. Rc1 Be6 35. Ke2 Bd7 36. f3 b4 37. cxb4 Bb5+ 38. Kf2 cxb4 39. f4+ Kd6 40. h4 a4 41. g5 axb3 42. axb3 Be8 43. Rc8 Re7 44. Rg1 Bg6 45. Rgc1 Ra7 46. Kg3 Bh5 47. R8c6+ Kd7 48. Rh6 Bg6 49. h5 Bf5 50. g6 Ra8 51. Rxh7+ Kd6 52. Rhc7 Bd7 53. g7 1-0

[Event "Pan American-ch U20 Girls"]
[Site "Duran"]
[Date "2011.06.08"]
[Round "5"]
[White "Matute Loja, Maria Belen"]
[Black "Bermudez Veliz, Josselyn Dayan"]
[Result "0-1"]
[WhiteElo "1946"]
[BlackElo "1568"]
[PlyCount "76"]
[EventDate "2011.06.05"]
[EventType "swiss"]
[EventRounds "9"]
[EventCountry "ECU"]
[SourceTitle "EXT 2013"]
[Source "ChessBase"]
[SourceDate "2012.11.22"]
[SourceVersion "1"]
[SourceVersionDate "2012.11.22"]
[SourceQuality "1"]

1. e4 c5 2. Nf3 Nc6 3. d4 cxd4 4. Nxd4 g6 5. Be3 Bg7 6. Bc4 Nf6 7. Nc3 0-0 8. Bb3 a5 9. f3 Rb8 10. 0-0 b6 11. Nd5 Nxd5 12. exd5 Nxd4 13. Bxd4 Bxd4+ 14. Qxd4 b5 15. d6 e6 16. a4 b4 17. Kh1 Qb6 18. Qe5 f6 19. Qf4 Kg7 20. Rfd1 Ba6 21. Rd2 Qc6 22. Rad1 Rbc8 23. Qe3 Rfe8 24. Rd4 Qc5 25. Qd2 h5 26. h4 Qb6 27. Ba2 Rc6 28. Rg1 e5 29. Rd5 Rec8 30. Rc1 Rc5 31. f4 exf4 32. Re1 Rxc2 33. Qxf4 Re2 34. Rf1 Rf8 35. Bc4 Bxc4 36. Qxc4 Re6 37. Rfd1 Rfe8 38. Qc7 Re1+ 0-1

[Event "Pan American-ch U20 Girls"]
[Site "Duran"]
[Date "2011.06.07"]
[Round "4"]
[White "Bermudez Veliz, Josselyn Dayan"]
[Black "Cathcart, Joice"]
[Result "1-0"]
[WhiteElo "1568"]
[BlackElo "1872"]
[PlyCount "62"]
[EventDate "2011.06.05"]
[EventType "swiss"]
[EventRounds "9"]
[EventCountry "ECU"]
[SourceTitle "EXT 2013"]
[Source "ChessBase"]
[SourceDate "2012.11.22"]
[SourceVersion "1"]
[SourceVersionDate "2012.11.22"]
[SourceQuality "1"]

1. d4 g6 2. Bf4 Bg7 3. e3 d6 4. Nf3 Nf6 5. h3 0-0 6. c4 c5 7. Nc3 Nbd7 8. Bh2 Qa5 9. Qc2 Nb6 10. Bd3 cxd4 11. exd4 Bd7 12. 0-0 Qh5 13. Qe2 Rfe8 14. Rfe1 Rac8 15. b3 h6 16. Nd2 Qg5 17. Nce4 Nxe4 18. Nxe4 Qa5 19. Qe3 Na8 20. a3 Qb6 21. c5 dxc5 22. Nxc5 Bc6 23. Bc4 Bb5 24. Bxb5 Qxb5 25. Rac1 b6 26. Ne4 Qd5 27. Rxc8 Rxc8 28. Rd1 Rd8 29. b4 Bxd4 30. Qe2 Qe6 31. Qf3 Qc8 1-0